书目信息 |
| 题名: |
编辑忆旧
|
|
| 作者: | 赵家壁 著 | |
| 分册: | ||
| 出版信息: | 北京 生活·读书·新知三联书店 1984.8 |
|
| 页数: | 517页 | |
| 开本: | 19cm | |
| 丛书名: | ||
| 单 册: | ||
| 中图分类: | G239.27 | |
| 科图分类: | ||
| 主题词: | 出版工作 | |
| 电子资源: | ||
| ISBN: | ||
| 000 | 00515nam0 2200193 45 | |
| 001 | 0302271466 | |
| 005 | 20060808154355.29 | |
| 010 | @dCNY1.95 | |
| 091 | @a10002.61 | |
| 100 | @a20030227d1984 km y0chiy0120 ea | |
| 101 | 0 | @achi |
| 200 | 1 | @a编辑忆旧@ABian Ji Yi Jiu@f赵家壁著@FZhao Jia Bi Zhu |
| 210 | @a北京@c生活·读书·新知三联书店@d1984.8 | |
| 215 | @a517页@d19cm | |
| 606 | 0 | @a出版工作 |
| 690 | @aG239.27@v3 | |
| 701 | 0 | @a赵家壁@4著 |
| 801 | @aCN@bTSTC@c20060808 | |
| 905 | @f1@b113319@dG239.27@e7@b113323@f1 | |
| 编辑忆旧/赵家壁著.-北京:生活·读书·新知三联书店,1984.8 |
| 517页;19cm |
| ISBN :CNY1.95 |
| ● |
| 相关链接 |
|
|
|
|
正题名:编辑忆旧
索取号:G239.27/7
 
预约/预借
| 序号 | 登录号 | 条形码 | 馆藏地/架位号 | 状态 | 备注 |
| 1 | 0113319 | 001751928 | 密集书库/ [索取号:G239.27/7] | 在馆 | |
| 2 | 0113320 | 000497304 | 第一样本阅览室/ [索取号:G239.27/7] | 在馆 | |
| 3 | 0113321 | 000497322 | 密集书库/ [索取号:G239.27/7] | 在馆 | |
| 4 | 0113322 | 000497313 | 密集书库/ [索取号:G239.27/7] | 在馆 | |
| 5 | 0113323 | 001751964 | 密集书库/ [索取号:G239.27/7] | 在馆 | |
| 6 | 0440877 | 204408774 | 密集书库/ [索取号:G239.27/7] | 在馆 | |
| 7 | 0447414 | 204474149 | 密集书库/ [索取号:G239.27/7] | 在馆 |